1363 1312 1823 1920 1515 1097 1403 1966 1749 1289 1813 1227 1083 1620 1167 1924 1767 1859 1107 1703 1228 1772 1338 1154 1083 2000 1187 1998 1201 1827 1798 1900 1987 1154 1536 1716 1658 1395 1225 1084 1993 1204 1311 1450 1818 1882 1026 1179 1539 1106 1192 1839 1309 1847 1783 1843 1015 1955 1247 1840 1681 1680 1503 1721 1193 1117 1650 1235 1190 1493 1013 1748 1381 1355 1106 1693 1916 1494 1231 1461 1042 1810 1535 1650 1126 1698 1478 1168 1148 1488 1717 1041 1555 1051 1751 1210 1090 1484 1064 BCNSPRNW ULIB Ver.6.0+V

เปลี่ยนเป็นภาษาไทย

Change to English
 แสดงรายละเอียดบรรณานุกรม
  กลับหน้าหลัก

Brief Record : Get Marc (ISO 2709) : E-mail record : QR code < ปิดหน้าต่าง
LEADER : 00000nam 2200000uu 4500
001    13399113216
003     ULIB
008    110927s2550||||th 000 0 tha d
020    9789744120434
050 04 QC21^bส266ศ 2550
100 0  สมพร วัฒนเวคิน
245 10 ศัพท์ฟิสิกส์/^cสมพร วัฒนเวคิน
260    กรุงเทพฯ :^bแม็ค,^c2550
300    262 หน้า
650  7 ศัพท์^xฟิสิกส์
650  7 ฟิสิกส์
945    ^p70^l0^i021608
995    ทศพร
999 ^a ทศพร
รายการนี้ยังไม่มีแท็ก
คุณยังไม่ได้ล็อกอิน คุณสามารถมีกิจกรรมร่วมกับเว็บไซต์ได้ แต่ต้องล็อกอินก่อน ::
  ล็อกอิน

รายการสื่อสารสนเทศ

ลำดับที่ ประเภท เลขเรียก/บาร์โค้ด สถานที่ สถานะ
- ไม่พบข้อมูล -

รายการใกล้เคียง
    ผู้แต่ง [สมพร วัฒนเวคิน]

    หัวเรื่อง [ฟิสิกส์]

BibComment


ยังไม่เคยถูกคอมเมนท์

คอมเมนท์ทรัพยากรรายการนี้
  คอมเมนท์: ศัพท์ฟิสิกส์ สมพร..


 Copyright 2026. Bcnsprnw @Library